2021 NHL First Round Draft Selections - Statistics

General Stats
  • This quiz has been taken 27 times
  • The average score is 18 of 32
Answer Stats
Pick Name Team Position % Correct
4 Luke Hughes NJD D
100%
9 Dylan Guenther ARI RW
92%
2 Matty Beniers SEA C
92%
1 Owen Power BUF D
92%
11 Void ARI N/A
92%
8 Brandt Clarke LAK D
83%
5 Kent Johnson CBJ C
83%
3 Mason McTavish ANA C
83%
6 Simon Edvinsson DET D
83%
7 William Eklund SJS LW
83%
12 Cole Sillinger CBJ C
75%
15 Sebastian Cossa DET G
75%
20 Jesper Wallstedt MIN G
58%
31 Logan Mailloux MTL D
58%
13 Matt Coronato CGY RW
58%
10 Tyler Boucher OTT RW
58%
16 Brennan Othmann NYR LW
50%
23 Wyatt Johnston DAL C
50%
24 Mackie Samoskevich FLA RW
42%
22 Xavier Bourgault EDM C
42%
25 Corson Ceulemans CBJ D
33%
21 Fabian Lysell BOS RW
33%
32 Nolan Allen CHI D
33%
17 Zack Bolduc STL C
33%
26 Carson Lambos MIN D
25%
14 Isak Rosen BUF RW
25%
28 Oskar Olausson COL RW
25%
27 Zachary L'Heureux NSH LW
25%
30 Zach Dean VGK C
25%
29 Chase Stillman NJD RW
17%
18 Chaz Lucius WPG C
17%
19 Fedor Svechkov NSH C
17%
No matching quizzes found
Score Distribution
Percent of People with Each Score
Percentile by Number Answered
Your Score History
You have not taken this quiz